Biggest City in Each Arizona County on a Map - Statistics

General Stats
  • This quiz has been taken 39 times
  • The average score is 7 of 15
Answers on the Map
Answers color-coded by a green-red scale on the quiz's map according to % correct below.
 
Answer Stats
Answer % Correct
Phoenix
100%
Tucson
100%
Yuma
97%
Flagstaff
90%
Lake Havasu City
70%
Sierra Vista
53%
Prescott Valley
50%
Nogales
43%
Show Low
33%
Payson
23%
Parker
20%
Safford
20%
San Tan Valley
20%
Clifton
10%
Eagar
10%
No matching quizzes found
Score Distribution
Percent of People with Each Score
Percentile by Number Answered
Your Score History
You have not taken this quiz